Währungen amerikanischer Länder - Statistiken

Allgemein
  • Dieses Quiz wurde 46 mal gespielt
  • Das Durchschnittsergebnis liegt bei 22 aus 35
Antwortstatistiken
Land Währung % Korrekt
Vereinigte Staaten US-Dollar (USD)
96%
Chile Chilenischer Peso (CLP)
91%
Kanada Kanadischer Dollar (CAD)
91%
Argentinien Argentinischer Peso (ARS)
87%
Bahamas Bahama-Dollar (BSD)
87%
Mexiko Mexikanischer Peso (MXN)
87%
Antigua und Barbuda Ostkaribischer Dollar (XCD)
87%
Barbados Barbados-Dollar (BBD)
83%
Jamaika Jamaika-Dollar (JMD)
83%
Grenada Ostkaribischer Dollar (XCD)
83%
El Salvador US-Dollar (USD)
83%
Belize Belize-Dollar (BZD)
78%
Kolumbien Kolumbianischer Peso (COP)
78%
Kuba Kubanischer Peso (CUP)
78%
Dominica Ostkaribischer Dollar (XCD)
78%
St. Lucia Ostkaribischer Dollar (XCD)
78%
Trinidad und Tobago Trinidad-Und-Tobago-Dollar (TTD)
78%
Uruguay Uruguayischer Peso (UYU)
78%
St. Kitts und Nevis Ostkaribischer Dollar (XCD)
74%
St. Vincent und die Grenadinen Ostkaribischer Dollar (XCD)
74%
Dominikanische Republik Dominikanischer Peso (DOP)
70%
Guyana Guyana-Dollar (GYD)
70%
Suriname Suriname-Dollar (SRD)
70%
Ecuador US-Dollar (USD)
57%
Brasilien Brasilianischer Real (BRL)
52%
Guatemala Guatemaltekischer Quetzal (GTQ)
43%
Venezuela Venezolanischer Bolívar (VES)
35%
Costa Rica Costa-Rica-Colón (CRC)
22%
Bolivien Boliviano (BOB)
17%
Nicaragua Córdoba Oro (NIO)
17%
Haiti Gourde (HTG)
17%
Honduras Lempira (HNL)
17%
Panama Panamaischer Balboa (PAB)
17%
Peru Peruanischer Sol (PEN)
17%
Paraguay Paraguayischer Guaraní (PYG)
13%
Keine übereinstimmenden Quizze gefunden
Verteilung der Resultate
Anzahl Personen mit jedem Resultat
Perzentil nach korrekt beantworteten Fragen
Ihre Resultats-Entwicklung
Sie haben dieses Quiz noch nicht gespielt